Messung von Interdependenzen zwischen Marketing-Instrumenten. Bestimmung eines Mehrgleichungsmodells für markierte kurzlebige Konsumgüter.

Empirický výskum vzťahov medzi cenou, nákladmi, cenovým rozpätím a reklamou a distribúciou. Hodnotenie vzťahov ekonometrického modelu na základe údajov o rakúskych značkových tovaroch. Vplyv intenzity reklamy na výskum cien a postavenie na trhu.

Enregistré dans:
Détails bibliographiques
Auteur principal: Hruschka, Harald
Format: Chapitre de livre
Langue:allemand
Sujets:
Tags: Ajouter un tag
Pas de tags, Soyez le premier à ajouter un tag!

MARC

LEADER 00000naa a2200000 4500
001 r001876
005 20220819194257.3
041 0 |a ger 
044 |a DE 
245 1 0 |a Messung von Interdependenzen zwischen Marketing-Instrumenten. Bestimmung eines Mehrgleichungsmodells für markierte kurzlebige Konsumgüter.  |c Harald Hruschka 
520 |a Empirický výskum vzťahov medzi cenou, nákladmi, cenovým rozpätím a reklamou a distribúciou. Hodnotenie vzťahov ekonometrického modelu na základe údajov o rakúskych značkových tovaroch. Vplyv intenzity reklamy na výskum cien a postavenie na trhu. 
610 2 0 |a marketing 
610 2 0 |a modely ekonometrické 
610 2 0 |a tovar spotrebný 
610 2 0 |a reklama 
610 2 0 |a ceny 
610 2 0 |a trh 
610 2 0 |a náklady 
610 2 0 |a distribúcia 
610 2 0 |a Rakúsko 
100 1 |a Hruschka, Harald